[Event "EU Union-ch U12 9th"]
[Site "Mureck"]
[Date "2011.08.09"]
[Round "7"]
[White "Decrop, Hendrik"]
[Black "Nikic, Saso"]
[Result "0-1"]
[WhiteElo "1833"]
[BlackElo "1547"]
[PlyCount "62"]
[EventDate "2011.08.03"]
[EventType "swiss"]
[EventRounds "9"]
[EventCountry "AUT"]
[SourceTitle "CBM 144 Extra"]
[Source "ChessBase"]
[SourceDate "2011.10.28"]
[SourceVersion "1"]
[SourceVersionDate "2011.10.28"]
[SourceQuality "1"]

1. e4 g6 2. d4 Bg7 3. Nf3 c6 4. Nc3 d5 5. exd5 cxd5 6. Bb5+ Bd7 7. Bf4 Nf6 8. 0-0 0-0 9. Bxd7 Nbxd7 10. Re1 e6 11. Qd3 Nb6 12. Nd2 Re8 13. a4 Nh5 14. Be5 f6 15. Bg3 Nxg3 16. Qxg3 e5 17. a5 exd4 18. Rxe8+ Qxe8 19. axb6 dxc3 20. Qxc3 axb6 21. Rxa8 Qxa8 22. g3 f5 23. Qb3 Qa5 24. Nb1 Qe1+ 25. Kg2 Qe4+ 26. Kh3 g5 27. Qxb6 g4+ 28. Kh4 Qe7+ 29. Kh5 Qf7+ 30. Kg5 h6+ 31. Kf4 Qe7 0-1

[Event "EU-ch U10 19th"]
[Site "Fermo"]
[Date "2009.09.02"]
[Round "3"]
[White "Decrop, Hendrik"]
[Black "Pak, Alexander"]
[Result "0-1"]
[WhiteElo "1817"]
[BlackElo "1848"]
[PlyCount "44"]
[EventDate "2009.08.31"]
[EventType "swiss"]
[EventRounds "9"]
[EventCountry "ITA"]
[SourceTitle "CBM 132 Extra"]
[Source "ChessBase"]
[SourceDate "2009.11.03"]
[SourceVersion "1"]
[SourceVersionDate "2009.11.03"]
[SourceQuality "1"]

1. e4 e6 2. d4 d5 3. Nd2 Nf6 4. e5 Nfd7 5. Bd3 c5 6. c3 Nc6 7. Ne2 cxd4 8. cxd4 f6 9. f4 fxe5 10. fxe5 Nxd4 11. Nf4 Qg5 12. Nb3 Qxe5+ 13. Be2 Bb4+ 14. Bd2 Bxd2+ 15. Qxd2 Nxe2 16. Qxe2 Qxe2+ 17. Kxe2 Nf6 18. Kd2 0-0 19. Rhe1 Ne4+ 20. Ke3 Rd8 21. Rad1 Kf7 22. Kf3 g5 0-1